书目信息 |
| 题名: |
从零开始学法语
|
|
| 作者: | 邓继宣 著 | |
| 分册: | ||
| 出版信息: | 北京 化学工业出版社 2014 |
|
| 页数: | 307页 | |
| 开本: | 24cm | |
| 丛书名: | ||
| 单 册: | ||
| 中图分类: | H32 | |
| 科图分类: | ||
| 主题词: | 法语--Fa Yu--自学参考资料 | |
| 电子资源: | ||
| ISBN: | 978-7-122-20021-1 | |
| 000 | 00992nam0 22002651 450 | |
| 001 | 350570 | |
| 005 | 20161012142828.31 | |
| 010 | @a978-7-122-20021-1@dCNY49.90 | |
| 100 | @a20140902d2014 em y0chiy50 ea | |
| 101 | 0 | @achi@afre |
| 102 | @aCN@b110000 | |
| 105 | @aa z 000yy | |
| 106 | @ar | |
| 200 | 1 | @a从零开始学法语@ACong Ling Kai Shi Xue Fa Yu@e零起点法语入门必修5堂课@f邓继宣著 |
| 210 | @a北京@c化学工业出版社@d2014 | |
| 215 | @a307页@c图@d24cm@e附光盘1片 | |
| 305 | @a扬州贝斯特文化发展有限公司授权出版 | |
| 307 | @a附光盘:ISBN 978-7-89472-817-3 | |
| 330 | @a本书用英语音标、汉语拼音解析法语发音,配合最透彻发音技巧、图片例词联想记忆。以巴黎生活为主线,穿插各种在法国最常遇到生活、旅行场景,详解重点词汇、语法、句型。 | |
| 517 | 1 | @a零起点法语入门必修5堂课@ALing Qi Dian Fa Yu Ru Men Bi Xiu 5Tang Ke |
| 606 | 0 | @a法语@AFa Yu@j自学参考资料 |
| 690 | @aH32@v5 | |
| 701 | 0 | @a邓继宣@ADeng Ji Xuan@4著 |
| 801 | 0 | @aCN@bTANGWEI@c20160804 |
| 905 | @b0890695-9@dH32@e113@f5 | |
| 从零开始学法语:零起点法语入门必修5堂课/邓继宣著.-北京:化学工业出版社,2014 |
| 307页:图;24cm+附光盘1片 |
| ISBN 978-7-122-20021-1:CNY49.90 |
| 本书用英语音标、汉语拼音解析法语发音,配合最透彻发音技巧、图片例词联想记忆。以巴黎生活为主线,穿插各种在法国最常遇到生活、旅行场景,详解重点词汇、语法、句型。 |
| ● |
| 相关链接 |
|
|
|
|
正题名:从零开始学法语
索取号:H32/113
 
预约/预借
| 序号 | 登录号 | 条形码 | 馆藏地/架位号 | 状态 | 备注 |
| 1 | 0890695 | 208906950 | 第二样本阅览室/ [索取号:H32/113] | 在馆 | |
| 2 | 0890696 | 208906969 | 第四借阅区/ [索取号:H32/113] | 在馆 | |
| 3 | 0890697 | 208906978 | 第四借阅区/ [索取号:H32/113] | 在馆 | |
| 4 | 0890698 | 208906987 | 第四借阅区/ [索取号:H32/113] | 在馆 | |
| 5 | 0890699 | 208906996 | 第四借阅区/ [索取号:H32/113] | 在馆 |